| 000 | 00898pam a2200253 a 4500 | ||
|---|---|---|---|
| 001 | 3943421 | ||
| 005 | 20161219094422.0 | ||
| 008 | 930908s1994 enka b 001 0 eng | ||
| 020 | _a0412455404 | ||
| 082 | 0 | 0 |
_a621.31 _220 _bBRA |
| 100 | 1 |
_aBradley, D. A. _934292 |
|
| 245 | 1 | 0 |
_aBasic electrical power and machines / _cDavid Bradley. |
| 250 | _a1st ed. | ||
| 260 |
_aLondon ; _aNew York : _bChapman & Hall, _c1994. |
||
| 300 |
_ax, 203 p. : _bill. ; _c25 cm. |
||
| 504 | _aIncludes bibliographical references (p. [197]) and index. | ||
| 650 | 0 |
_aElectric machinery. _934293 |
|
| 650 | 0 |
_aPower electronics. _934294 |
|
| 650 | 0 |
_aMechatronics. _934295 |
|
| 653 |
_bEle _cOctober2013 |
||
| 650 | 0 |
_917796 _aElectric transformers |
|
| 942 |
_2ddc _cBB _k621.31 BRA |
||
| 999 |
_c17708 _d17680 |
||